
Library Catalogue

| 000 -LEADER | |
|---|---|
| fixed length control field | 00599nam a2200205Ia 4500 |
| 003 - CONTROL NUMBER IDENTIFIER | |
| control field | OSt |
| 005 - DATE AND TIME OF LATEST TRANSACTION | |
| control field | 20210421121422.0 |
| 008 - FIXED-LENGTH DATA ELEMENTS--GENERAL INFORMATION | |
| fixed length control field | 160316s1851 xxu||||| |||| 00| 0 eng d |
| 040 ## - CATALOGING SOURCE | |
| Transcribing agency | n |
| 082 ## - DEWEY DECIMAL CLASSIFICATION NUMBER | |
| Classification number | 364.150000 |
| Item number | THO |
| 100 ## - MAIN ENTRY--PERSONAL NAME | |
| Personal name | Thornton |
| 245 ## - TITLE STATEMENT | |
| Title | Illustrations of the history and practices of the thugs |
| 260 ## - PUBLICATION, DISTRIBUTION, ETC. | |
| Place of publication, distribution, etc. | London |
| Name of publisher, distributor, etc. | Nattalli & Bond |
| Date of publication, distribution, etc. | 1851 |
| 300 ## - PHYSICAL DESCRIPTION | |
| Extent | 475p |
| 365 ## - TRADE PRICE | |
| Price amount | Rs. 745 |
| 650 ## - SUBJECT ADDED ENTRY--TOPICAL TERM | |
| Topical term or geographic name entry element | 1. Thugs - Indic Criminal Group |
| 700 ## - ADDED ENTRY--PERSONAL NAME | |
| Personal name | |
| -- | |
| 856 ## - ELECTRONIC LOCATION AND ACCESS | |
| Uniform Resource Identifier | <a href="https://ia802707.us.archive.org/13/items/illustrationshi00thorgoog/illustrationshi00thorgoog.pdf">https://ia802707.us.archive.org/13/items/illustrationshi00thorgoog/illustrationshi00thorgoog.pdf</a> |
| 942 ## - ADDED ENTRY ELEMENTS (KOHA) | |
| Source of classification or shelving scheme | Dewey Decimal Classification |
| Koha item type | BOOKs |
| Withdrawn status | Lost status | Damaged status | Not for loan | Home library | Current library | Shelving location | Date acquired | Cost, normal purchase price | Total Checkouts | Full call number | Barcode | Date last seen | Price effective from | Koha item type |
|---|---|---|---|---|---|---|---|---|---|---|---|---|---|---|
| . | . | 30.05.2017 | 745.00 | 364.15 THO | 24711 | 30.05.2017 | 30.05.2017 | BOOKs |